| 000 | 00787nam a2200265Ia 4500 | ||
|---|---|---|---|
| 003 | OSt | ||
| 005 | 20220927110501.0 | ||
| 006 | a|||||r|||| 00| 0 | ||
| 007 | ta | ||
| 008 | 220926b |||||||| |||| 00| 0 eng d | ||
| 024 | _a81203 | ||
| 037 | _cReports | ||
| 040 |
_aRTL _cRTL _beng |
||
| 041 |
_2eng _aeng |
||
| 082 | _a"X9.73.N62, K1" | ||
| 110 |
_aNational Industrial Conference Board. (New York) _9378750 |
||
| 245 | 0 | _aBusiness outlook 1962. | |
| 260 |
_aNew _bYork N I C B USA _c1961 |
||
| 300 |
_a135p. _ccm. |
||
| 490 | _a"Its, studies in business economics, 76." | ||
| 650 | _aIndustrial Economics | ||
| 700 |
_aNational Industrial Conference Board. (New York) _9378751 |
||
| 942 |
_h"X9.73.N62, K1" _cCC |
||
| 999 |
_c696984 _d696984 |
||